000 00297nam a2200109Ia 4500
001 1275892
005 20260417160436.0
008 260417s9999 xx 000 0 und d
020 _a9786257303569
245 0 _aHayvanlar Yavrularını Nasıl Büyütür?
_cPavla Hanackova
260 _bKetebe Çocuk
999 _c1275892
_d1275892